Statistics for History by Letter - B

Click here to take the quiz!

General Stats

  • This quiz has been taken 61,730 times
    (61,461 since last reset)
  • The average score is 17 of 24

Answer Stats

Hint Answer % Correct
Deaf German composerLudwig van
Beethoven
97%
City separated by a wall until 1989Berlin
96%
Napoleon's last nameBonaparte
95%
City that had a "Tea Party" in 1773Boston
93%
What came before the Iron Age{Bronze} Age
89%
Ancient city that supposedly had
Hanging Gardens
Babylon
88%
Often credited with
inventing the telephone
Alexander
Graham Bell
88%
Prison stormed in the French RevolutionBastille
81%
Former name of MumbaiBombay
73%
Nickname for pirate Edward TeachBlackbeard
73%
Germany's bombing of the
UK during WWII
The Blitz
73%
Literary family of
Anne, Emily, and Charlotte
Brontë
70%
Pandemic caused by
the Yersinia Pestis bacterium
Black Death
69%
Beheaded wife of Henry VIIIAnne Boleyn
68%
Russian faction that came to power
in the October Revolution
Bolsheviks
67%
Siddhārtha GautamaBuddha
66%
The Eastern Roman Empire{Byzantine}
Empire
65%
Modern-day capital near the
site of the above
Baghdad
64%
Abraham Lincoln's assassinJohn Wilkes
Booth
63%
English scientist and statesman
who shares his name with a strip of meat
Francis Bacon
59%
"Liberator" of South and Central AmericaSimón Bolívar
59%
City where the Titanic was builtBelfast
53%
Descendants of the
Dutch settlers of South Africa
Boers
50%
Celtic queen who led a revolt
against the Romans
Boudica
38%

Score Distribution

Percentile by Number Answered

Percent of People with Each Score

Your Score History

You have not taken this quiz since the last reset